| 000 | 00547nam a22001817a 4500 | ||
|---|---|---|---|
| 003 | CEME | ||
| 005 | 20210628203627.0 | ||
| 008 | 210203b xxu||||| |||| 00| 0 eng d | ||
| 020 | _a0-8031-1444-3 | ||
| 040 | _c. | ||
| 082 | _a620.1186 CYC | ||
| 100 |
_aMitchell, M.R _966625 |
||
| 245 | _aCyclic deformation fracture and nondestructive evaluation of advanced materials | ||
| 260 |
_aNEW YORK _bASTM _c1992 |
||
| 300 | _a340P | ||
| 650 |
_aCOMPOSITE MATERIALS-FATIGUE CONGRESSES. NON DESTRUCTIVE TESTING- CONGRESSES _966626 |
||
| 942 |
_cBK _2ddc |
||
| 999 |
_c574561 _d574561 |
||